[Event "Mechanics' Winter TNM; G/2 d5"]
[Site "San Francisco"]
[Date "2019.01.08"]
[Round "1.12"]
[White "Cunningham, Charles"]
[Black "Walder, Michael"]
[Result "0-1"]
[WhiteElo "1414"]
[BlackElo "1970"]
[Annotator "Winslow,Elliott"]
[PlyCount "78"]
[EventDate "2019.01.08"]
[EventType "swiss"]
[EventRounds "8"]
[EventCountry "USA"]

{[%evp 0,78,45,38,71,16,30,24,25,-5,22,-17,-2,-8,-36,-20,-50,0,-5,-5,5,-57,-15,
-15,-6,-18,10,15,-8,-12,-14,-26,-3,-7,-1,-11,-11,-11,-11,-18,-9,-11,6,-9,3,5,
-10,-15,5,3,3,-3,-3,-17,-17,-17,-14,-17,-17,-26,0,0,-20,-43,-16,-48,-34,-44,
-44,-53,-83,-91,-93,-125,-133,-137,-138,-271,-277,-297,-299]} 1. e4 Nf6 2. Nc3
d5 3. exd5 Nxd5 4. Qf3 Nf6 5. h3 Nc6 6. Bb5 Bd7 7. d3 Nd4 8. Bxd7+ Nxd7 (8...
Qxd7 $1 9. Qd1 (9. Qxb7 Nxc2+ 10. Kd1 (10. Kd2 Rd8 $1 11. Kxc2 Qxd3+ 12. Kb3
Nd7 $1) (10. Kf1 Qxd3+ 11. Nge2 Rd8 $17) 10... Rd8 11. Bd2 Nxa1 (11... e6))
9... e5 $15) 9. Qd1 e5 10. a3 Bd6 11. Nf3 O-O 12. O-O Re8 13. Ne4 Nc5 14. Re1
Nxe4 15. Rxe4 f5 16. Re1 Qf6 17. c3 Nxf3+ 18. Qxf3 c6 19. Bd2 Rad8 20. Rad1 Re7
21. Qe3 Bb8 22. d4 e4 23. Qg5 Kf7 24. Qh5+ Qg6 25. Qh4 h6 26. Bf4 Bxf4 27. Qxf4
Qg5 28. Qxg5 hxg5 29. Re2 c5 30. d5 c4 31. a4 Rd6 32. Rd4 Rc7 33. g4 g6 34. Kg2
Rc5 35. Red2 Kf6 36. Kf1 Ke5 37. Ke2 Rcxd5 38. Ke3 f4+ 39. Ke2 Rxd4 0-1

[Event "Mechanics' Winter TNM; G/2 d5"]
[Site "San Francisco"]
[Date "2019.01.08"]
[Round "1.13"]
[White "Melville, Cailen"]
[Black "Adams, Sophie"]
[Result "1-0"]
[WhiteElo "1954"]
[BlackElo "1406"]
[Annotator "Winslow,Elliott"]
[PlyCount "114"]
[EventDate "2019.01.08"]
[EventType "swiss"]
[EventRounds "8"]
[EventCountry "USA"]

1. d4 d5 2. c4 e6 3. Nf3 Nf6 4. g3 Be7 5. Bg2 O-O 6. O-O Nbd7 7. Qc2 c5 8. Nc3
cxd4 9. Nxd4 Nb6 10. cxd5 Nbxd5 11. Rd1 Nb4 12. Qb3 Qa5 13. Bd2 Qc5 14. Ncb5 a6
15. Rac1 Qb6 16. Bxb4 Bxb4 17. Nc7 Rb8 18. a3 Bc5 19. Rxc5 Qxc5 20. Nxa6 bxa6
21. Qxb8 Bd7 22. Qb7 Bb5 23. Nxb5 axb5 24. Qc6 Qe5 25. Rd2 h6 26. e4 Qb8 27.
Qd6 Qc8 28. e5 Ng4 29. Qd4 Nxe5 30. Qxe5 Qc1+ 31. Bf1 Qxd2 32. Qxb5 Qd5 33. b4
Qxb5 34. Bxb5 Rb8 35. Bc6 Kf8 36. b5 Ke7 37. a4 Kd8 38. a5 Kc7 39. Kf1 Rd8 40.
Ke2 Rd4 41. Be8 f6 42. Ke3 Rb4 43. h4 g5 44. h5 e5 45. Kd3 Rb2 46. f3 f5 47. g4
fxg4 48. fxg4 Rb4 49. Bc6 Rxg4 $2 (49... Rd4+ $19 {AND THEN ...Rxg4}) 50. Be4
$1 Rg3+ 51. Kc4 Rg4 52. b6+ Kb8 53. Kd5 Rxe4 54. Kxe4 g4 55. a6 Ka8 56. Ke3 e4
$4 (56... Kb8 $11) 57. Kxe4 g3 1-0

[Event "Mechanics' Winter TNM; G/2 d5"]
[Site "San Francisco"]
[Date "2019.01.08"]
[Round "1.14"]
[White "Hilliard, Michael"]
[Black "Lum, Michael K"]
[Result "0-1"]
[WhiteElo "1404"]
[BlackElo "1941"]
[PlyCount "50"]
[EventDate "2019.01.08"]
[EventType "swiss"]
[EventRounds "8"]
[EventCountry "USA"]

1. d4 Nf6 2. Nf3 c5 3. c3 d5 4. e3 Nc6 5. Bd3 Bg4 6. Nbd2 e6 7. O-O cxd4 8.
cxd4 Be7 9. a3 O-O 10. b4 Bd6 11. Bb2 Bc7 12. Qc2 Rc8 13. Bc3 Bh5 14. Rfe1 h6
15. Rac1 Re8 16. Qb1 Bxf3 17. Nxf3 Qe7 18. Ne5 Nxe5 19. dxe5 Ng4 20. f4 Bb6 21.
Bd4 Qh4 22. h3 Qf2+ 23. Kh1 Nxe3 24. Bxe3 Bxe3 25. Rc2 Rxc2 0-1

[Event "Mechanics' Winter TNM; G/2 d5"]
[Site "San Francisco"]
[Date "2019.01.08"]
[Round "1.15"]
[White "Argo, Guy"]
[Black "Ansari, Jahaan"]
[Result "1-0"]
[WhiteElo "1909"]
[BlackElo "1390"]
[Annotator "Winslow,Elliott"]
[PlyCount "86"]
[EventDate "2019.01.08"]
[EventType "swiss"]
[EventRounds "8"]
[EventCountry "USA"]

1. e4 e6 2. d4 d5 3. e5 c5 4. c3 Nc6 5. Nf3 Qb6 (5... Nge7) (5... Bd7) 6. a3 a6
(6... c4) 7. b4 cxd4 8. cxd4 Nge7 9. Bd3 Bd7 10. Bb2 g6 11. Nbd2 Rc8 12. Nb3
Nxb4 13. axb4 Qxb4+ 14. Nfd2 Ba4 15. Rxa4 Qxa4 16. Nc5 Qxd1+ 17. Kxd1 Rc7 18.
Ke2 Nc6 19. Ndb3 Nxe5 20. Nxa6 bxa6 21. dxe5 Rb7 22. Bc2 Be7 23. Ra1 O-O 24.
Rxa6 Rfb8 25. Ba3 Bxa3 26. Rxa3 Kg7 27. Nd4 Kh6 28. Rh3+ Kg7 29. f4 Rc8 30. Rd3
Rb4 31. Bb3 Kh6 32. g4 Kg7 33. f5 gxf5 34. gxf5 Kh8 35. fxe6 fxe6 36. Nxe6 Re4+
37. Kf3 Rxe5 38. Bxd5 Re8 39. Nf4 Rd8 40. Be4 Rxd3+ 41. Bxd3 Rg5 42. h4 h6 $4
43. hxg5 hxg5 1-0

[Event "Mechanics' Winter TNM; G/2 d5"]
[Site "San Francisco"]
[Date "2019.01.08"]
[Round "1.16"]
[White "Latourette, Nicholas"]
[Black "Anderson, Michael"]
[Result "1-0"]
[WhiteElo "1347"]
[BlackElo "1903"]
[PlyCount "89"]
[EventDate "2019.01.08"]
[EventType "swiss"]
[EventRounds "8"]
[EventCountry "USA"]

1. e4 c5 2. Nf3 e6 3. d4 cxd4 4. Nxd4 a6 5. Nc3 b5 6. Be3 Bb7 7. f3 d6 8. Qd2
Be7 9. g4 Bh4+ 10. Bf2 Nc6 11. O-O-O Bxf2 12. Qxf2 Qb6 13. Qd2 Nxd4 14. Qxd4
Qxd4 15. Rxd4 O-O-O 16. a4 b4 17. Rxb4 Ne7 18. Rd4 Nc6 19. Rd2 Ne5 20. Be2 g5
21. h4 gxh4 22. Rxh4 Ng6 23. Rh6 d5 24. exd5 exd5 25. a5 Kb8 26. Rd4 Ka7 27.
Na4 Rde8 28. Kd2 Nf8 29. f4 Re6 30. Rh3 Nd7 31. c4 Nf6 32. Nc5 Ne4+ 33. Nxe4
dxe4 34. Rd7 Rf6 35. Rb3 Rb8 36. Ke3 Ka8 37. c5 Rh6 38. Rb6 Rh3+ 39. Kd4 Rh2
40. Ke3 Rh3+ 41. Kd2 e3+ 42. Kd3 Bc8 43. Re7 Bb7 44. c6 Rd8+ 45. Rd7 1-0

[Event "Mechanics' Winter TNM; G/2 d5"]
[Site "San Francisco"]
[Date "2019.01.08"]
[Round "1.17"]
[White "McKellar, Daniel"]
[Black "Otterbach, Renate"]
[Result "1-0"]
[WhiteElo "1872"]
[BlackElo "1281"]
[Annotator "McKellar,Daniel"]
[PlyCount "93"]
[EventDate "2019.01.08"]
[EventType "swiss"]
[EventRounds "8"]
[EventCountry "USA"]

1. c4 Nf6 2. Nc3 g6 3. d4 d6 4. e4 Nc6 5. Nf3 Bg7 6. Be2 O-O 7. O-O Bg4 8. Be3
Bxf3 9. Bxf3 e6 (9... e5 10. d5) (9... Nd7 10. d5 Nce5 11. Be2 Nb6 12. Qb3 c6
13. f4 {is one possible line}) 10. Qd2 Ne8 11. Rad1 Ne7 12. Bh6 Nf6 13. Bxg7
Kxg7 14. e5 Nd7 15. exd6 cxd6 16. Bxb7 Rb8 17. Bf3 a5 18. Nb5 Nf5 19. Bg4 Nh6
20. Be2 Nf6 21. Qf4 d5 22. c5 Nf5 23. g4 Ne7 24. a4 Nc6 25. Rd3 (25. h4) 25...
Rg8 (25... Ne4 26. f3 Ng5) 26. Rh3 Rh8 27. Nd6 Qd7 (27... Rxb2 28. Bb5) (27...
Rb4 28. g5) 28. Bb5 Rbf8 29. Re1 (29. Bxc6 Qxc6 30. Qe5 h6 31. Rf3) (29. Rf3
Ne4 30. Bxc6 Qxc6 31. Nxf7) 29... h5 30. g5 Ne8 31. Nxe8+ (31. Rf3 Nxd6 32.
cxd6 Qb7 33. d7 Nd8 34. Qf6+ Kh7 35. Rc1) 31... Qxe8 (31... Rxe8 32. Qf6+ Kg8
33. b4 axb4 34. Rb1 Rc8 35. Rf3) 32. Qc7 Qd8 33. Qxc6 Qxg5+ 34. Rg3 Qd2 35. Re2
(35. Kf1) 35... Qxd4 (35... Qc1+ $5 {was much trickier for Black;} 36. Kg2 h4
37. Rg4 $8 h3+ 38. Kg3 $8 (38. Kf3 $11 {0.00! after any of} Rh6 (38... Rh5) (
38... g5)) 38... Qh1 (38... Qg1+ 39. Kf3 Qxh2 40. Re1 $8) 39. f4 $8 Qg1+ 40.
Kf3 Qh1+ 41. Ke3 Qe4+ 42. Kd2 Qxd4+ 43. Ke1 {all very computer, White escapes})
36. Qd6 h4 37. Rge3 (37. Rd3 $1) 37... Qg4+ 38. Kh1 Rh5 39. h3 (39. f3 Qh3 40.
Re1 {is fine, too}) 39... Qf5 40. Qe5+ Qxe5 41. Rxe5 Rxe5 42. Rxe5 Kf6 43. Re2
Ke7 44. Kg2 f6 45. Kf3 f5 46. Ke3 e5 47. f4 $138 {White won on time} 1-0

[Event "Mechanics' Winter TNM; G/2 d5"]
[Site "San Francisco"]
[Date "2019.01.08"]
[Round "1.18"]
[White "Soffer, Aaron"]
[Black "Jensen, Christian"]
[Result "0-1"]
[WhiteElo "1260"]
[BlackElo "1857"]
[Annotator "Winslow,Elliott"]
[PlyCount "74"]
[EventDate "2019.01.08"]
[EventType "swiss"]
[EventRounds "8"]
[EventCountry "USA"]

{[%evp 0,74,22,22,66,3,22,5,29,19,52,30,18,27,50,22,32,26,9,21,21,0,21,-12,1,3,
1,-23,-16,-16,-6,-80,-63,-96,-99,-92,-83,-126,-99,-126,-47,-151,-135,-107,-48,
-74,-94,-94,-88,-177,-156,-182,-182,-182,-184,-323,-342,-360,-382,-357,-390,
-429,-385,-422,-448,-552,-550,-618,-614,-730,-755,-858,-888,-1027,-1042,-1086,
-1104]} 1. e4 c5 2. d4 cxd4 3. c3 dxc3 4. Nxc3 d6 5. Nf3 Nc6 6. Bc4 a6 7. O-O
Nf6 8. e5 dxe5 9. Qxd8+ Nxd8 10. Nxe5 b5 11. Bb3 Bb7 12. Rd1 e6 13. Bf4 Be7 14.
a4 b4 15. Na2 {[#]} g5 $6 (15... a5) (15... Bd5 $1 {Black had too many pieces 
(!).} 16. Nc1 Nb7 {as in the game}) 16. Bd2 (16. Be3 a5 17. Bc4 Nd5 18. Nc1 $15
) 16... a5 17. Be3 Nd5 18. Nc4 Nxe3 19. Nxe3 Bc5 20. Re1 O-O 21. Rad1 Bc6 {
I thought a nice redeployment during the game, but just} (21... Nc6 22. Rd7
Bxe3 23. Rxe3 Ba6 {is best}) 22. Nc1 Nb7 23. Nd3 Rfd8 24. Nxc5 Nxc5 25. Bc2
Bxa4 26. Bxa4 Nxa4 27. b3 Nc5 28. Rb1 Rd3 29. Nc4 Rxb3 30. Ra1 a4 31. Nb6 Ra6
32. Nc4 Rc3 33. Nb2 Rc2 34. Nxa4 Rxa4 35. Rxa4 Nxa4 36. Rb1 b3 37. h3 b2 0-1

[Event "Mechanics' Winter TNM; G/2 d5"]
[Site "San Francisco"]
[Date "2019.01.08"]
[Round "1.19"]
[White "Harris, John"]
[Black "Capdeville, Barry"]
[Result "1-0"]
[WhiteElo "1854"]
[BlackElo "1219"]
[PlyCount "41"]
[EventDate "2019.01.08"]
[EventType "swiss"]
[EventRounds "8"]
[EventCountry "USA"]

1. c4 e5 2. g3 Nf6 3. Bg2 Be7 4. Nc3 c6 5. d4 exd4 6. Qxd4 O-O 7. Bf4 d6 8. Rd1
Ne8 9. Nf3 Nd7 10. O-O Bf6 11. Qd2 Be7 12. Ne4 Nc5 13. Nxc5 d5 14. Na4 Nf6 15.
cxd5 cxd5 16. Nc3 Be6 17. Nd4 Qd7 18. Nxe6 Qxe6 19. Nxd5 Rad8 20. Nxe7+ Qxe7
21. Qe3 1-0

[Event "Mechanics' Winter TNM; G/2 d5"]
[Site "San Francisco"]
[Date "2019.01.08"]
[Round "1.20"]
[White "Rushton, Peter"]
[Black "Pham, Tam Phu"]
[Result "0-1"]
[WhiteElo "1186"]
[BlackElo "1833"]
[Annotator "Winslow,Elliott"]
[PlyCount "86"]
[EventDate "2019.01.08"]
[EventType "swiss"]
[EventRounds "8"]
[EventCountry "USA"]

{[%evp 0,86,22,38,37,49,89,57,90,73,79,45,60,32,69,27,84,62,56,12,46,16,30,-50,
-42,-79,-79,-201,-202,-194,-114,-136,-176,-185,-173,-187,-136,-214,-242,-330,
-360,-360,-360,-371,-355,-343,-363,-427,-440,-732,-493,-558,-569,-569,-441,
-465,-465,-512,-533,-528,-538,-596,-502,-509,-496,-511,-518,-538,-532,-542,
-556,-550,-568,-586,-595,-605,-598,-605,-577,-603,-626,-769,-804,-948,-1072,
-1138,-1176,-1198,-1240]} 1. e4 c5 2. Nc3 a6 3. Nf3 d6 4. d4 cxd4 5. Nxd4 Nf6
6. Be2 e6 7. Nf3 $6 Qc7 8. Bf4 Nbd7 9. O-O Be7 10. Bg3 O-O 11. Qd2 b5 12. b4
Bb7 13. Bd3 Rac8 14. Ne2 Bxe4 15. Nfd4 Bxd3 16. Qxd3 Ne5 17. Qd1 Rfd8 18. f4
Nc4 19. Rb1 Ne3 20. Qd3 Nxf1 21. Rxf1 Qc4 22. Qa3 Nd5 23. c3 Nxc3 24. Qb2 Nxe2+
25. Nxe2 Bf6 26. Qd2 Qc2 27. Rd1 Rc4 28. Kf1 Qxd2 29. Rxd2 Rxb4 30. Bf2 Kf8 31.
g3 Ke7 32. h4 Rc8 33. Bd4 Bxd4 34. Nxd4 Rcc4 35. Nf3 h6 36. h5 Rc3 37. Kg2 Rc5
38. Nd4 Kd7 39. Kf3 Rxh5 40. Nc2 Rb2 41. a3 Rc5 42. Rd3 Rbxc2 43. Re3 R2c3 0-1

[Event "Mechanics' Winter TNM; G/2 d5"]
[Site "San Francisco"]
[Date "2019.01.08"]
[Round "1.21"]
[White "Marcus, Joel"]
[Black "Bayaraa, Timothy"]
[Result "1-0"]
[WhiteElo "1833"]
[BlackElo "1175"]
[PlyCount "61"]
[EventDate "2019.01.08"]
[EventType "swiss"]
[EventRounds "8"]
[EventCountry "USA"]

1. d4 d5 2. Bf4 Bf5 3. e3 Nc6 4. c3 Nf6 5. Nf3 e6 6. Qb3 Rb8 7. Nbd2 Qd7 8. Bb5
Qd8 9. Ne5 Nd7 10. Ndf3 f6 11. Nxd7 Qxd7 12. O-O Bd6 13. Rfe1 Bxf4 14. exf4 O-O
15. Nh4 Bg4 16. h3 Bh5 17. Re3 Qd6 18. g3 e5 19. Rae1 exf4 20. Re6 Qd7 21. g4
Bf7 22. Re7 Qd6 23. Nf5 Qd8 24. Bxc6 bxc6 25. Qa4 Re8 26. Qxc6 Rxe7 27. Rxe7
Bg6 28. Rxg7+ Kh8 29. Rd7 Qe8 30. Qxf6+ Kg8 31. Qg7# 1-0

[Event "Mechanics' Winter TNM; G/2 d5"]
[Site "San Francisco"]
[Date "2019.01.08"]
[Round "1.22"]
[White "Tabatabai, Hadi"]
[Black "Hakobyan, Sos"]
[Result "0-1"]
[WhiteElo "1149"]
[BlackElo "1829"]
[PlyCount "52"]
[EventDate "2019.01.08"]
[EventType "swiss"]
[EventRounds "8"]
[EventCountry "USA"]

1. e4 e6 2. Nf3 d5 3. exd5 exd5 4. d4 Bd6 5. Bd3 Ne7 6. O-O Bf5 7. Re1 Bxd3 8.
Qxd3 h6 9. c4 dxc4 10. Qxc4 O-O 11. Ne5 Nd7 12. Bf4 Nf6 13. h3 Rc8 14. Re3 Ned5
15. Rf3 Nxf4 16. Rxf4 c5 17. Nd2 cxd4 18. Qxd4 Bxe5 19. Qxd8 Rfxd8 20. Rf5 Bxb2
21. Re1 Rxd2 22. Re7 Rc1+ 23. Kh2 Bd4 24. f3 Rcc2 25. Kg3 Rxg2+ 26. Kf4 g5+ 0-1

[Event "Mechanics' Winter TNM; G/2 d5"]
[Site "San Francisco"]
[Date "2019.01.08"]
[Round "1.23"]
[White "Babayan, Gagik"]
[Black "Tabatabai, Ashkon"]
[Result "1-0"]
[WhiteElo "1806"]
[BlackElo "1138"]
[PlyCount "47"]
[EventDate "2019.01.08"]
[EventType "swiss"]
[EventRounds "8"]
[EventCountry "USA"]

1. e4 e5 2. Nf3 Nc6 3. Bb5 Bc5 4. c3 d6 5. d4 exd4 6. cxd4 Bb4+ 7. Bd2 Bd7 8.
O-O Nf6 9. Bxc6 Bxc6 10. Bxb4 Bxe4 11. Nbd2 O-O 12. Nxe4 Nxe4 13. Re1 Re8 14.
Qc2 f5 15. Nd2 d5 16. Nf3 Rc8 17. Ne5 c5 18. dxc5 Rxe5 19. f3 Re6 20. fxe4 dxe4
21. Rad1 Qe7 22. Qc4 b6 23. c6 Qc7 24. Qxe6+ 1-0

[Event "Mechanics' Winter TNM; G/2 d5"]
[Site "San Francisco"]
[Date "2019.01.08"]
[Round "1.25"]
[White "Yun, Andrew"]
[Black "Chambers, Don"]
[Result "1-0"]
[WhiteElo "1780"]
[BlackElo "1127"]
[Annotator "Winslow,Elliott"]
[PlyCount "43"]
[EventDate "2019.01.08"]
[EventType "swiss"]
[EventRounds "8"]
[EventCountry "USA"]

1. e4 e5 2. Nf3 Nc6 3. d4 f5 4. exf5 e4 5. Ne5 d5 6. Qh5+ Ke7 7. Qf7+ Kd6 8.
Nc3 Nxd4 9. Qxd5+ Ke7 10. Bg5+ Nf6 11. Qf7+ Kd6 12. Nc4+ Kc6 13. O-O-O Bc5 14.
Na5+ Kb6 15. Na4+ Kxa5 16. Bd2+ Bb4 17. Bxb4+ Kxa4 18. b3+ Kxb4 19. Qc4+ Ka5
20. Qc5+ (20. Rxd4) 20... b5 21. Rxd4 Qxd4 22. Qxb5# 1-0

[Event "Mechanics' Winter TNM; G/2 d5"]
[Site "San Francisco"]
[Date "2019.01.08"]
[Round "1.26"]
[White "Persidsky, Andre"]
[Black "Perlov, Alexander"]
[Result "1/2-1/2"]
[WhiteElo "1814"]
[BlackElo "1720"]
[PlyCount "118"]
[EventDate "2019.01.08"]
[EventType "swiss"]
[EventRounds "8"]
[EventCountry "USA"]

{[%evp 0,118,30,30,30,-14,7,-20,-3,28,43,45,45,38,52,48,95,105,122,91,175,69,
76,71,84,82,78,44,115,105,194,196,204,179,173,178,175,172,168,155,265,287,269,
252,240,250,255,223,218,204,210,206,257,219,207,208,218,203,241,198,251,225,
223,233,306,276,273,302,292,301,284,244,259,244,259,235,244,265,275,282,253,
257,285,285,285,132,160,139,121,0,140,61,165,51,50,48,167,153,175,171,172,172,
172,174,241,174,172,90,174,174,262,174,167,147,176,154,176,174,226,234,256]} 1.
d4 Nf6 2. c4 e6 3. Nc3 Bb4 4. Nf3 Ne4 5. Qc2 d5 6. e3 c5 7. Bd3 Bxc3+ 8. bxc3
f5 9. O-O Nd7 10. Ne5 Nxe5 11. dxe5 O-O 12. f3 Ng5 13. f4 Nf7 14. cxd5 c4 15.
Bxc4 exd5 16. Bb3 Be6 17. Ba3 Re8 18. Rad1 Rc8 19. Ba4 Qb6 20. Bxe8 Qxe3+ 21.
Qf2 Qxf2+ 22. Rxf2 Rxe8 23. Bc5 b6 24. Bd4 Rc8 25. Ra1 g5 26. g3 gxf4 27. gxf4
Nd8 28. Rb1 Nb7 29. Kh1 Bf7 30. Rg2+ Bg6 31. h4 Kf7 32. Rbg1 Nc5 33. h5 Bxh5
34. Rg7+ Ke6 35. Rxh7 Bg4 36. Rh6+ Ke7 37. Bxc5+ Rxc5 38. Rh7+ Ke6 39. Rxa7
Rxc3 40. Rb1 d4 41. Rxb6+ Kd5 42. Rd6+ Ke4 43. Ra4 Kxf4 44. Raxd4+ Kxe5 45. a4
Rc2 46. a5 Bf3+ 47. Kg1 Ra2 48. a6 Be4 49. Rd2 Ra1+ 50. Kf2 Ra3 51. Rh6 Kf4 52.
Re2 Kg5 53. Re6 Kf4 54. Rb2 Rh3 55. Reb6 Rf3+ 56. Ke1 Ra3 57. R2b3 Ra2 58. Rb2
Ra1+ 59. Kd2 Ra3 1/2-1/2

[Event "Mechanics' Winter TNM; G/2 d5"]
[Site "San Francisco"]
[Date "2019.01.08"]
[Round "1.27"]
[White "Mercado, Adam"]
[Black "Derleth, Christopher"]
[Result "1-0"]
[WhiteElo "1714"]
[BlackElo "1060"]
[Annotator "Winslow,Elliott"]
[PlyCount "23"]
[EventDate "2019.01.08"]
[EventType "swiss"]
[EventRounds "8"]
[EventCountry "USA"]

1. e4 c5 2. Nf3 d6 3. d4 cxd4 4. Nxd4 Nf6 5. Nc3 a6 6. Bg5 e6 7. f4 {One of
the most interesting and well-studied positions in chess! But suddenly...} e5
$2 8. fxe5 dxe5 9. Nf5 Qxd1+ 10. Rxd1 Bxf5 11. Bxf6 Bg6 $4 12. Rd8# 1-0

[Event "Mechanics' Winter TNM; G/2 d5"]
[Site "San Francisco"]
[Date "2019.01.08"]
[Round "1.28"]
[White "Dunlap, Steven"]
[Black "Sadowsky, Jacob"]
[Result "0-1"]
[WhiteElo "1057"]
[BlackElo "1703"]
[Annotator "Winslow,Elliott"]
[PlyCount "44"]
[EventDate "2019.01.08"]
[EventType "swiss"]
[EventRounds "8"]
[EventCountry "USA"]

1. d4 Nf6 2. c4 c5 3. Nf3 cxd4 4. Nxd4 g6 5. Bf4 $4 Bg7 $4 (5... e5 6. Bxe5
Qa5+ {With c2-c4 and g7-g6 missing, this is one of the fastest losses ever
registered by a titled player...}) 6. Nb5 d6 7. N1c3 a6 8. Na3 O-O 9. e4 Nc6
10. Be2 Nxe4 $4 11. O-O $4 (11. Nxe4 Bxb2 12. Nc2 Bxa1 13. Qxa1 Bf5 14. Bh6 f6
15. f3 $14) 11... Nxc3 12. bxc3 Bxc3 13. Rc1 Bb2 {Same thing a piece less} 14.
Bg4 Bxa3 15. Bxc8 Qxc8 16. Qf3 Bxc1 17. Rxc1 Qf5 18. Bh6 Qxf3 19. gxf3 Rfe8 20.
f4 Nd4 21. Kh1 f6 22. Rg1 Nf5 0-1

[Event "Mechanics' Winter TNM; G/2 d5"]
[Site "San Francisco"]
[Date "2019.01.08"]
[Round "1.29"]
[White "Mays, Jerry L"]
[Black "Mendes Da Costa, Alex"]
[Result "1/2-1/2"]
[WhiteElo "1700"]
[BlackElo "990"]
[Annotator "Winslow,Elliott"]
[PlyCount "114"]
[EventDate "2019.01.08"]
[EventType "swiss"]
[EventRounds "8"]
[EventCountry "USA"]

1. e4 d6 2. d4 Nf6 3. Nc3 Nbd7 (3... g6) (3... c6) (3... e5) 4. g3 e5 5. d5 Be7
6. Bg2 O-O 7. Nge2 c6 8. O-O cxd5 9. Nxd5 Nxd5 10. exd5 a5 11. Kh1 b6 12. f4
Ba6 13. Re1 Re8 14. fxe5 Nxe5 15. Nd4 Bb7 16. Nf5 Rc8 17. Bf4 Qc7 18. c3 Bf6
19. Qe2 h6 20. Qb5 Red8 21. Rad1 Ng4 22. Qe2 Ne5 23. h3 Ng6 24. Bxh6 gxh6 25.
Nxh6+ Kg7 26. Nf5+ Kf8 27. Qh5 Re8 28. Qh7 Rxe1+ 29. Rxe1 Re8 30. Rf1 Ba6 31.
Nh6 Bxf1 32. Qg8+ Ke7 33. Qxf7+ Kd8 34. Qxf6+ Qe7 35. Qxf1 Ne5 36. Qa6 Qc7 37.
Qb5 Nc4 38. Bf1 Re1 39. Kg1 Qc5+ 40. Qxc5 dxc5 41. Kf2 Rb1 42. Bxc4 Rxb2+ 43.
Ke3 b5 44. Bb3 a4 45. Bxa4 bxa4 46. Kd3 Rxa2 47. Kc4 a3 $2 48. Kb3 Rg2 49. Kxa3
Rxg3 50. Kb3 Rxh3 51. Nf7+ Ke7 52. Ne5 Kd6 53. Ng6 Rf3 54. Kc4 Rg3 55. Nh8 $2 (
55. Nf8) 55... Rg1 $4 (55... Rg7) (55... Rf3) (55... Rg4+) (55... Ke7) 56. Nf7+
Ke7 57. Kxc5 Kxf7 1/2-1/2

[Event "Mechanics' Winter TNM; G/2 d5"]
[Site "San Francisco"]
[Date "2019.01.08"]
[Round "1.30"]
[White "Sullivan, George"]
[Black "Cendejas, Juan"]
[Result "0-1"]
[WhiteElo "958"]
[BlackElo "1686"]
[Annotator "Winslow,Elliott"]
[PlyCount "80"]
[EventDate "2019.01.08"]
[EventType "swiss"]
[EventRounds "8"]
[EventCountry "USA"]

1. e4 e5 2. Nf3 Nc6 3. Bb5 Bc5 4. c3 Qe7 5. d4 exd4 6. O-O d3 7. Bxd3 d6 8. h3
Be6 9. Qe2 O-O-O 10. Be3 Bxe3 11. Qxe3 f6 12. b4 Kb8 13. Nbd2 h5 14. Nh2 g5 15.
Be2 Qg7 16. f3 Nge7 17. a3 Ng6 18. g3 Bxh3 19. Rf2 Rde8 20. Qd3 h4 21. g4 Nf4
22. Qc4 Ne5 23. Qd4 Qd7 24. Nc4 Nxe2+ 25. Rxe2 Bxg4 (25... Nxf3+ {is the same
thing -- with the bishop still on the board. (In the way of the h-pawn? I
think not.)}) 26. fxg4 Nf3+ 27. Nxf3 Qxg4+ 28. Kf2 Qg3+ 29. Ke3 f5 30. Kd2 Qxf3
31. Re3 Qf4 32. exf5 Qxf5 33. Rae1 Ref8 34. Re7 Rhg8 35. Nxd6 cxd6 36. Qxd6+
Ka8 37. Rxb7 Rd8 38. Kc1 Rxd6 39. Ree7 Qf4+ 40. Kb2 Qd2+ 0-1

[Event "Mechanics' Winter TNM; G/2 d5"]
[Site "San Francisco"]
[Date "2019.01.08"]
[Round "1.31"]
[White "Greene, Sam"]
[Black "Nassif, Wassim"]
[Result "1-0"]
[WhiteElo "1672"]
[BlackElo "1119"]
[PlyCount "63"]
[EventDate "2019.01.08"]
[EventType "swiss"]
[EventRounds "8"]
[EventCountry "USA"]

1. e4 e5 2. Nf3 Nc6 3. Bb5 a6 4. Ba4 Nf6 5. O-O Bc5 6. c3 O-O 7. Re1 d6 8. h3
Bd7 9. d4 exd4 10. cxd4 Ba7 11. Bg5 h6 12. Bh4 Nb8 13. Bc2 Bb5 14. a4 Bc4 15.
Nbd2 d5 16. e5 Nbd7 17. exf6 Nxf6 18. Nxc4 dxc4 19. Qd2 Qd6 20. Bg3 Qc6 21. Re7
Nd5 22. Be4 f5 23. Rxc7 Qe6 24. Bxd5 Qxd5 25. Be5 Rf7 26. Rxf7 Kxf7 27. Nh4 g6
28. Qxh6 Rg8 29. Qh7+ Kf8 30. Nxg6+ Rxg6 31. Qxg6 Bxd4 32. Bd6+ 1-0

[Event "Mechanics' Winter TNM; G/2 d5"]
[Site "San Francisco"]
[Date "2019.01.08"]
[Round "1.32"]
[White "Soffer, Josiah"]
[Black "Cortinas, Martin A"]
[Result "0-1"]
[WhiteElo "799"]
[BlackElo "1666"]
[PlyCount "52"]
[EventDate "2019.01.08"]
[EventType "swiss"]
[EventRounds "8"]
[EventCountry "USA"]

1. e4 c6 2. Nf3 d5 3. Nc3 dxe4 4. Nxe4 Bg4 5. Be2 e6 6. Ne5 Bxe2 7. Qxe2 Nd7 8.
Nf3 Ngf6 9. Nxf6+ Nxf6 10. d4 h6 11. O-O Qc7 12. Re1 O-O-O 13. g3 Bd6 14. c4 g5
15. c5 Bf8 16. h4 g4 17. Ne5 Rxd4 18. Be3 Re4 19. Bf4 Rxe2 20. Rxe2 Qe7 21. Rd1
h5 22. Nc4 Nd5 23. Rd3 Nxf4 24. gxf4 Qxh4 25. f3 Bxc5+ 26. Kg2 Qh3# 0-1

[Event "Mechanics' Winter TNM; G/2 d5"]
[Site "San Francisco"]
[Date "2019.01.08"]
[Round "1.38"]
[White "Bryan, Robert R"]
[Black "Simpkins, Jerry"]
[Result "0-1"]
[WhiteElo "429"]
[BlackElo "1508"]
[PlyCount "28"]
[EventDate "2019.01.08"]
[EventType "swiss"]
[EventRounds "8"]
[EventCountry "USA"]

1. e4 e5 2. Nf3 f5 3. Bb5 c6 4. Ba4 fxe4 5. Nxe5 Nf6 6. O-O d5 7. Nc3 Bd6 8.
Nd3 exd3 9. cxd3 O-O 10. Re1 Bxh2+ 11. Kxh2 Ng4+ 12. Kg1 Qh4 13. Re2 Qh2+ 14.
Kf1 Qh1# 0-1